| 000 | 00712nam a2200181 i 4500 | ||
|---|---|---|---|
| 001 | 68386 | ||
| 003 | ES-MaACL | ||
| 005 | 20230906170255.0 | ||
| 007 | t| | ||
| 008 | 040625s1917 sp ||||1| spa d | ||
| 100 | 1 |
_aGarcía Faria, Pedro ( _d1858-1927) _954586 |
|
| 245 | 1 | 1 |
_a[Medios y vías de comunicación de la Península Ibérica en los tiempos prehistóricos / _cPedro García Faria]. |
| 260 |
_aMadrid : _bRevista de Obras Públicas, _c1917. |
||
| 300 |
_a4 fasc., [3] h. de map. ; _c ; _c37 cm. |
||
| 500 | _aSon los nºs 2188, 2189, 2191, 2192 de la Revista de Obras Públicas en los que está publicado el citado estudio. | ||
| 650 | 4 |
_aPrehistoria- _zEspaña. _9156132 |
|
| 852 |
_aES-MaACL _j2330-F-1 |
||
| 999 |
_c68386 _d68386 |
||